[Event "Bundesliga 9899"]
[Site "Deutschland"]
[Date "1999.03.21"]
[Round "13.6"]
[White "Vatter, Hans Joachim"]
[Black "De Gleria, Francesco"]
[Result "0-1"]
[WhiteElo "2412"]
[BlackElo "2433"]
[PlyCount "148"]
[EventDate "1998.10.17"]
[EventType "team"]
[EventRounds "15"]
[EventCountry "GER"]
[SourceTitle "Bundesliga 9899"]
[Source "DeepChess"]
[SourceDate "2005.01.01"]
[SourceVersion "1"]
[SourceVersionDate "2005.01.01"]
[SourceQuality "1"]
[WhiteTeam "SK Zaehringen 1921"]
[BlackTeam "SG Bochum 31"]
[WhiteTeamCountry "GER"]
[BlackTeamCountry "GER"]

1. e4 c5 2. Nf3 d6 3. d4 cxd4 4. Nxd4 Nf6 5. Nc3 Nc6 6. Bg5 e6 7. Qd2 a6 8.
O-O-O h6 9. Be3 Be7 10. f3 Nxd4 11. Bxd4 b5 12. Bxf6 Bxf6 13. Qxd6 Qxd6 14.
Rxd6 Ke7 15. Rd3 Bb7 16. Be2 Rhc8 17. Rhd1 Rc7 18. a3 Rac8 19. Kb1 Ke8 20. Re3
Bxc3 21. Rxc3 Rxc3 22. bxc3 Rxc3 23. Kb2 Rc5 24. Kb3 Ke7 25. Rd4 Rh5 26. h3 Rg5
27. Bf1 a5 28. c3 Bc6 29. Rd2 Rc5 30. c4 bxc4+ 31. Bxc4 g5 32. Rb2 Kd6 33. Rd2+
Ke5 34. Rd8 Kf4 35. Rh8 Ke3 36. Rxh6 Kd4 37. Ba6 a4+ 38. Kb4 Rc2 39. Rf6 Rxg2
40. Rxf7 Rb2+ 41. Ka5 Rb3 42. Bc8 Ke5 43. Re7 Kd6 44. Rxe6+ Kc7 45. Rxc6+ Kxc6
46. Kxa4 Rxf3 47. Kb4 Rf8 48. Bg4 Rb8+ 49. Kc4 Ra8 50. Kb3 Rb8+ 51. Ka2 Kd6 52.
Bf5 Ke5 53. a4 Kd4 54. Ka3 Kc3 55. a5 Rb1 56. Ka4 Kc4 57. Be6+ Kc5 58. Bg4 Rb4+
59. Ka3 Rxe4 60. a6 Kb6 61. Kb3 Kxa6 62. Kc3 Kb5 63. Kd3 Rb4 64. Ke3 Rf4 65.
Bf3 Kc5 66. Kf2 Kd4 67. Kg3 Ke3 68. Bc6 Rf1 69. Kg4 Rg1+ 70. Kh5 Kf4 71. Bd7
Ra1 72. Bg4 Ra5 73. Bd7 g4+ 74. Kh4 g3 0-1

[Event "Bundesliga 9899"]
[Site "Deutschland"]
[Date "1999.03.21"]
[Round "13.7"]
[White "Backwinkel, Paul"]
[Black "Toth, Bela"]
[Result "1/2-1/2"]
[WhiteElo "2390"]
[BlackElo "2385"]
[PlyCount "93"]
[EventDate "1998.10.17"]
[EventType "team"]
[EventRounds "15"]
[EventCountry "GER"]
[SourceTitle "Bundesliga 9899"]
[Source "DeepChess"]
[SourceDate "2005.01.01"]
[SourceVersion "1"]
[SourceVersionDate "2005.01.01"]
[SourceQuality "1"]
[WhiteTeam "SG Bochum 31"]
[BlackTeam "SK Zaehringen 1921"]
[WhiteTeamCountry "GER"]
[BlackTeamCountry "GER"]

1. d4 Nf6 2. Nf3 e6 3. c3 c5 4. e3 b6 5. Nbd2 Bb7 6. Bd3 cxd4 7. exd4 Be7 8.
O-O O-O 9. Re1 d6 10. Nf1 Nbd7 11. Ng3 Re8 12. c4 Qc7 13. b3 Bf8 14. Bb2 g6 15.
Rc1 Bg7 16. Ne4 Nxe4 17. Bxe4 Bxe4 18. Rxe4 Qb7 19. Re2 Rac8 20. h3 b5 21. cxb5
Qxb5 22. Rec2 Qb7 23. Qd2 Nb6 24. Qa5 Rxc2 25. Rxc2 Qe4 26. Rc1 Bh6 27. Re1 Qc2
28. Qxa7 Nd5 29. Ba3 Qxa2 30. Qa4 Rb8 31. Bxd6 Qxb3 32. Qa7 Rd8 33. Ne5 Rxd6
34. Qxf7+ Kh8 35. Qe8+ Kg7 36. Nd7 Rxd7 37. Qxd7+ Kf8 38. Qxe6 Bg5 39. Qd7 Be7
40. Re5 Qd1+ 41. Kh2 Qxd4 42. Qxd5 Qxf2 43. Re4 Bc5 44. Qd7 Qg1+ 45. Kg3 Qf2+
46. Kh2 Qg1+ 47. Kg3 1/2-1/2

[Event "Bundesliga 9899"]
[Site "Deutschland"]
[Date "1999.03.21"]
[Round "13.4"]
[White "Nisipeanu, Liviu Dieter"]
[Black "Vaganian, Rafael A"]
[Result "1-0"]
[WhiteElo "2594"]
[BlackElo "2605"]
[PlyCount "71"]
[EventDate "1998.10.17"]
[EventType "team"]
[EventRounds "15"]
[EventCountry "GER"]
[SourceTitle "Bundesliga 9899"]
[Source "DeepChess"]
[SourceDate "2005.01.01"]
[SourceVersion "1"]
[SourceVersionDate "2005.01.01"]
[SourceQuality "1"]
[WhiteTeam "USC Magdeburg"]
[BlackTeam "SG Porz e.V."]
[WhiteTeamCountry "GER"]
[BlackTeamCountry "GER"]

1. e4 e6 2. d4 d5 3. Nd2 c5 4. exd5 exd5 5. Bb5+ Nc6 6. Ngf3 Bd6 7. dxc5 Bxc5
8. O-O Nge7 9. Nb3 Bd6 10. Bxc6+ bxc6 11. Qd4 O-O 12. Bf4 Nf5 13. Qa4 Be6 14.
Rad1 c5 15. Bxd6 Qxd6 16. Ng5 c4 17. Nd2 Nd4 18. c3 Ne2+ 19. Kh1 Bf5 20. Nxc4
Qg6 21. Ne3 Qxg5 22. Rxd5 g6 23. g4 Qh4 24. Qc4 Rae8 25. gxf5 Nf4 26. fxg6 hxg6
27. Rd4 g5 28. Ng2 Qh3 29. Nxf4 Qf3+ 30. Ng2 Re2 31. Rd3 Qf6 32. Rd6 Qf3 33.
Rg6+ Kh7 34. Rxg5 Re4 35. Qd5 Rg8 36. Qf5+ 1-0

[Event "Bundesliga 9899"]
[Site "Deutschland"]
[Date "1999.03.21"]
[Round "13.5"]
[White "Hansen, Curt"]
[Black "Rogozenko, Dorian"]
[Result "1/2-1/2"]
[WhiteElo "2608"]
[BlackElo "2557"]
[PlyCount "35"]
[EventDate "1998.10.17"]
[EventType "team"]
[EventRounds "15"]
[EventCountry "GER"]
[SourceTitle "Bundesliga 9899"]
[Source "DeepChess"]
[SourceDate "2005.01.01"]
[SourceVersion "1"]
[SourceVersionDate "2005.01.01"]
[SourceQuality "1"]
[WhiteTeam "SG Porz e.V."]
[BlackTeam "USC Magdeburg"]
[WhiteTeamCountry "GER"]
[BlackTeamCountry "GER"]

1. c4 e5 2. Nc3 Nf6 3. g3 Bb4 4. Nf3 Bxc3 5. bxc3 e4 6. Nd4 O-O 7. Bg2 Nc6 8.
O-O Re8 9. d3 exd3 10. exd3 Nxd4 11. cxd4 h6 12. h3 d5 13. Rb1 b6 14. f4 Rb8
15. c5 Ba6 16. cxb6 axb6 17. f5 Qe7 18. Bf4 1/2-1/2

[Event "Bundesliga 9899"]
[Site "Deutschland"]
[Date "1999.03.21"]
[Round "13.6"]
[White "Proehl, Holger"]
[Black "Nijboer, Friso"]
[Result "0-1"]
[WhiteElo "2401"]
[BlackElo "2534"]
[PlyCount "158"]
[EventDate "1998.10.17"]
[EventType "team"]
[EventRounds "15"]
[EventCountry "GER"]
[SourceTitle "Bundesliga 9899"]
[Source "DeepChess"]
[SourceDate "2005.01.01"]
[SourceVersion "1"]
[SourceVersionDate "2005.01.01"]
[SourceQuality "1"]
[WhiteTeam "USC Magdeburg"]
[BlackTeam "SG Porz e.V."]
[WhiteTeamCountry "GER"]
[BlackTeamCountry "GER"]

1. e4 e6 2. d4 d5 3. Nd2 c5 4. exd5 Qxd5 5. Ngf3 cxd4 6. Bc4 Qd6 7. O-O Nf6 8.
Nb3 Nc6 9. Nbxd4 Nxd4 10. Qxd4 Qxd4 11. Nxd4 a6 12. Be2 Bd6 13. c4 O-O 14. Rd1
Bc7 15. Nb3 e5 16. Bg5 Ne4 17. Be7 Re8 18. Ba3 Rb8 19. Rac1 a5 20. f3 Nf6 21.
Bd6 Bxd6 22. Rxd6 b6 23. Nd2 Be6 24. Ne4 Nxe4 25. fxe4 Kf8 26. b3 Red8 27. Rcd1
Rxd6 28. Rxd6 Ke7 29. Rd2 g6 30. Kf2 Ra8 31. a3 Rc8 32. Rc2 b5 33. Bd3 a4 34.
cxb5 Rxc2+ 35. Bxc2 axb3 36. Bb1 Kd6 37. Ke3 Kc5 38. a4 Kb4 39. b6 Bc8 40. Kd2
Kxa4 41. Kc3 Kb5 42. Kxb3 Kxb6 43. Kb4 Kc6 44. Bd3 Kd6 45. Bc4 Be6 46. Bd3 h6
47. Bc2 Bc8 48. Bb3 Ke7 49. Kc3 Bb7 50. Kd3 Bc6 51. Ke3 Be8 52. g3 Kf6 53. Bc4
Bd7 54. Be2 Be6 55. Bd1 Kg5 56. Bf3 Bg4 57. Bg2 Bd1 58. Kd2 Ba4 59. Bf3 Bc6 60.
h4+ Kf6 61. Ke3 Ba4 62. Be2 Bb3 63. Bf3 Ke7 64. Be2 Kd6 65. Bb5 Bd1 66. Bc4 f6
67. Bf7 g5 68. Bc4 Kc5 69. Be6 Kb4 70. Kd2 Bb3 71. Bc8 Ba2 72. h5 Bb1 73. Ke3
Kc3 74. g4 Kc2 75. Ba6 Kd1 76. Bb5 Ke1 77. Bc4 Bc2 78. Bb5 Bd1 79. Bd7 Kf1 0-1

[Event "Bundesliga 9899"]
[Site "Deutschland"]
[Date "1999.03.21"]
[Round "13.7"]
[White "Vogt, Lothar"]
[Black "Naumann, Alexander"]
[Result "1/2-1/2"]
[WhiteElo "2466"]
[BlackElo "2480"]
[PlyCount "121"]
[EventDate "1998.10.17"]
[EventType "team"]
[EventRounds "15"]
[EventCountry "GER"]
[SourceTitle "Bundesliga 9899"]
[Source "DeepChess"]
[SourceDate "2005.01.01"]
[SourceVersion "1"]
[SourceVersionDate "2005.01.01"]
[SourceQuality "1"]
[WhiteTeam "SG Porz e.V."]
[BlackTeam "USC Magdeburg"]
[WhiteTeamCountry "GER"]
[BlackTeamCountry "GER"]

1. e4 c5 2. Nf3 d6 3. d4 cxd4 4. Nxd4 Nf6 5. Nc3 a6 6. Be3 Ng4 7. Bg5 h6 8. Bh4
g5 9. Bg3 Bg7 10. Be2 h5 11. Bxg4 hxg4 12. O-O Nc6 13. Nf5 Bxf5 14. exf5 Ne5
15. Nd5 Rc8 16. b3 Rc5 17. c4 Qd7 18. Ne3 Nc6 19. Rb1 Nd4 20. b4 Rxf5 21. Qxg4
Rf4 22. Qxd7+ Kxd7 23. Bxf4 gxf4 24. Nd5 Ne2+ 25. Kh1 e6 26. Nb6+ Kc6 27. Na4
b5 28. Rfe1 f3 29. cxb5+ Kxb5 30. gxf3 Nf4 31. Nb2 Bxb2 32. Rxb2 Nd3 33. a4+
Kb6 34. Rbb1 Nxe1 35. Rxe1 d5 36. Kg2 d4 37. Re4 Rd8 38. Kf1 d3 39. Ke1 Rc8 40.
Rd4 Rc1+ 41. Kd2 Rc2+ 42. Kxd3 Rxf2 43. Rd6+ Kc7 44. Rxa6 Rxf3+ 45. Ke4 Rb3 46.
b5 Rb4+ 47. Kd3 Kb7 48. Kc3 Rh4 49. Kb3 Rxh2 50. Kb4 Rd2 51. Rc6 Rd4+ 52. Kb3
Rd3+ 53. Kc4 Rd1 54. Rc5 Kb6 55. Rc6+ Kb7 56. Kb4 Rd4+ 57. Ka5 Rd8 58. Rc5 Rd6
59. Rc4 e5 60. Kb4 Re6 61. Kc3 1/2-1/2

[Event "Bundesliga 9899"]
[Site "Deutschland"]
[Date "1999.03.21"]
[Round "13.8"]
[White "Machelett, Heiko"]
[Black "Van der Wiel, John TH"]
[Result "0-1"]
[WhiteElo "2436"]
[BlackElo "2529"]
[PlyCount "44"]
[EventDate "1998.10.17"]
[EventType "team"]
[EventRounds "15"]
[EventCountry "GER"]
[SourceTitle "Bundesliga 9899"]
[Source "DeepChess"]
[SourceDate "2005.01.01"]
[SourceVersion "1"]
[SourceVersionDate "2005.01.01"]
[SourceQuality "1"]
[WhiteTeam "USC Magdeburg"]
[BlackTeam "SG Porz e.V."]
[WhiteTeamCountry "GER"]
[BlackTeamCountry "GER"]

1. d4 d6 2. Nf3 Bg4 3. e4 Nf6 4. Nc3 e6 5. Be2 Be7 6. O-O d5 7. exd5 exd5 8.
Ne5 Bxe2 9. Qxe2 c6 10. Re1 O-O 11. Bg5 Re8 12. Rad1 Nbd7 13. Rd3 Nxe5 14. dxe5
Nd7 15. Bxe7 Qxe7 16. f4 f6 17. exf6 Qc5+ 18. Re3 Nxf6 19. Nd1 Rxe3 20. Nxe3
Re8 21. Kf1 Qd4 22. g3 Qxb2 0-1

[Event "Bundesliga 9899"]
[Site "Deutschland"]
[Date "1999.03.21"]
[Round "13.3"]
[White "Sjodahl, Pontus"]
[Black "Schmidt, Peter"]
[Result "1-0"]
[WhiteElo "2420"]
[BlackElo "2412"]
[PlyCount "75"]
[EventDate "1998.10.17"]
[EventType "team"]
[EventRounds "15"]
[EventCountry "GER"]
[SourceTitle "Bundesliga 9899"]
[Source "DeepChess"]
[SourceDate "2005.01.01"]
[SourceVersion "1"]
[SourceVersionDate "2005.01.01"]
[SourceQuality "1"]
[WhiteTeam "SV Wattenscheid 1930"]
[BlackTeam "SK Passau 1869"]
[WhiteTeamCountry "GER"]
[BlackTeamCountry "GER"]

1. d4 Nf6 2. c4 g6 3. Nc3 Bg7 4. e4 d6 5. f3 O-O 6. Be3 c5 7. dxc5 dxc5 8. Qxd8
Rxd8 9. Bxc5 Nc6 10. Rd1 Rxd1+ 11. Kxd1 Nd7 12. Bf2 Bxc3 13. bxc3 b6 14. Ne2
Na5 15. Nc1 Ba6 16. c5 Bxf1 17. Rxf1 Nxc5 18. Bxc5 bxc5 19. Nb3 Nc4 20. Ke2 Rb8
21. f4 Nd6 22. e5 Nb5 23. Kd3 Rc8 24. c4 Rd8+ 25. Kc2 Nd4+ 26. Kc3 Ne2+ 27. Kb2
f6 28. exf6 exf6 29. Rf2 Nd4 30. Rd2 Rb8 31. Kc3 Ne6 32. g3 Rb7 33. Rd6 Kf7 34.
Rxe6 Rxb3+ 35. Kxb3 Kxe6 36. Ka4 h5 37. Kb5 Kd6 38. h4 1-0

[Event "Bundesliga 9899"]
[Site "Deutschland"]
[Date "1999.03.21"]
[Round "13.5"]
[White "Koehn, Peter"]
[Black "Smejkal, Jan"]
[Result "0-1"]
[WhiteElo "2350"]
[BlackElo "2525"]
[PlyCount "36"]
[EventDate "1998.10.17"]
[EventType "team"]
[EventRounds "15"]
[EventCountry "GER"]
[SourceTitle "Bundesliga 9899"]
[Source "DeepChess"]
[SourceDate "2005.01.01"]
[SourceVersion "1"]
[SourceVersionDate "2005.01.01"]
[SourceQuality "1"]
[WhiteTeam "SV Wattenscheid 1930"]
[BlackTeam "SK Passau 1869"]
[WhiteTeamCountry "GER"]
[BlackTeamCountry "GER"]

1. e4 e5 2. Nf3 Nc6 3. Bb5 a6 4. Ba4 Nf6 5. O-O Be7 6. Re1 b5 7. Bb3 d6 8. c3
O-O 9. a3 Be6 10. d4 Bxb3 11. Qxb3 d5 12. dxe5 Nxe4 13. Nbd2 Nc5 14. Qd1 d4 15.
cxd4 Nxd4 16. b4 Nd3 17. Re4 Ne6 18. Nf1 Nxe5 0-1

[Event "Bundesliga 9899"]
[Site "Deutschland"]
[Date "1999.03.21"]
[Round "13.6"]
[White "Pichler, Juergen"]
[Black "Straeter, Timo"]
[Result "1-0"]
[WhiteElo "2395"]
[BlackElo "2313"]
[PlyCount "89"]
[EventDate "1998.10.17"]
[EventType "team"]
[EventRounds "15"]
[EventCountry "GER"]
[SourceTitle "Bundesliga 9899"]
[Source "DeepChess"]
[SourceDate "2005.01.01"]
[SourceVersion "1"]
[SourceVersionDate "2005.01.01"]
[SourceQuality "1"]
[WhiteTeam "SK Passau 1869"]
[BlackTeam "SV Wattenscheid 1930"]
[WhiteTeamCountry "GER"]
[BlackTeamCountry "GER"]

1. d4 d5 2. Nf3 Bf5 3. e3 Nf6 4. c4 c6 5. Nc3 e6 6. Bd3 Bg6 7. O-O Nbd7 8. Qe2
Bb4 9. Bd2 O-O 10. Bxg6 hxg6 11. Nxd5 exd5 12. Bxb4 Re8 13. cxd5 Nxd5 14. Bd6
g5 15. Qd3 Re6 16. Bg3 Qf6 17. Rab1 Rae8 18. b4 a6 19. Rfe1 Qe7 20. a3 b5 21.
Rbc1 N5b6 22. Nd2 Nf6 23. Rc2 Qd7 24. Rec1 Nfd5 25. Re1 f5 26. Be5 Nxb4 27.
axb4 Rxe5 28. Nf3 Rd5 29. Qc3 Nc4 30. Nxg5 f4 31. Nf3 fxe3 32. fxe3 Qg4 33. Qd3
Rd6 34. e4 Qf4 35. Rf2 Qg4 36. e5 Rh6 37. d5 cxd5 38. Qxd5+ Qe6 39. Qd4 Qe7 40.
Ree2 Qxb4 41. Qd5+ Kh8 42. Ng5 Rg6 43. e6 Qe7 44. Nf7+ Kg8 45. Qh5 1-0

[Event "Bundesliga 9899"]
[Site "Deutschland"]
[Date "1999.03.21"]
[Round "13.8"]
[White "Gross, David2"]
[Black "Thiel, Thomas"]
[Result "0-1"]
[WhiteElo "2371"]
[BlackElo "2311"]
[PlyCount "76"]
[EventDate "1998.10.17"]
[EventType "team"]
[EventRounds "15"]
[EventCountry "GER"]
[SourceTitle "Bundesliga 9899"]
[Source "DeepChess"]
[SourceDate "2005.01.01"]
[SourceVersion "1"]
[SourceVersionDate "2005.01.01"]
[SourceQuality "1"]
[WhiteTeam "SK Passau 1869"]
[BlackTeam "SV Wattenscheid 1930"]
[WhiteTeamCountry "GER"]
[BlackTeamCountry "GER"]

1. e4 e6 2. d4 d5 3. Nc3 Nf6 4. Bg5 dxe4 5. Nxe4 Be7 6. Bxf6 gxf6 7. Nf3 a6 8.
Bd3 f5 9. Ned2 Nc6 10. Nb3 b6 11. c3 Bb7 12. Qe2 Rg8 13. Rg1 Qd5 14. O-O-O b5
15. c4 bxc4 16. Bxc4 Qe4 17. Qxe4 fxe4 18. Nfd2 Nb4 19. a3 Nd3+ 20. Bxd3 exd3
21. Nf3 Bd6 22. Rxd3 Bxf3 23. Rxf3 Bxh2 24. Rh1 Rxg2 25. Kd1 Ke7 26. Ke2 Rb8
27. Rc3 Bg3 28. Kf3 Rh2 29. Rxh2 Bxh2 30. Nc5 Rxb2 31. Nxa6 Bg1 32. Rxc7+ Kf6
33. Nc5 Rxf2+ 34. Kg4 Kg6 35. Nd7 h5+ 36. Kh3 Bh2 37. Rb7 Bd6 38. a4 Rh2# 0-1

[Event "Bundesliga 9899"]
[Site "Deutschland"]
[Date "1999.03.21"]
[Round "13.2"]
[White "Rausis, Igors"]
[Black "Van der Sterren, Paul"]
[Result "0-1"]
[WhiteElo "2508"]
[BlackElo "2559"]
[PlyCount "56"]
[EventDate "1998.10.17"]
[EventType "team"]
[EventRounds "15"]
[EventCountry "GER"]
[SourceTitle "Bundesliga 9899"]
[Source "DeepChess"]
[SourceDate "2005.01.01"]
[SourceVersion "1"]
[SourceVersionDate "2005.01.01"]
[SourceQuality "1"]
[WhiteTeam "SK Viernheim"]
[BlackTeam "SV Castrop Rauxel 1923"]
[WhiteTeamCountry "GER"]
[BlackTeamCountry "GER"]

1. e4 c5 2. Nc3 Nc6 3. Bb5 Nd4 4. a4 g6 5. Nge2 Bg7 6. O-O e6 7. Nxd4 cxd4 8.
Ne2 Ne7 9. c3 a6 10. Bc4 Nc6 11. Nxd4 Nxd4 12. cxd4 d5 13. exd5 exd5 14. Ba2
O-O 15. Qb3 Be6 16. d3 Bxd4 17. Bd2 Qf6 18. Bc3 b5 19. Qb4 Bxc3 20. bxc3 bxa4
21. Qa5 Rab8 22. c4 Bf5 23. Rad1 Rb2 24. Qxa4 Qd4 25. Qa3 Re8 26. Rb1 Ree2 27.
Rxb2 Rxb2 28. Kh1 Qxd3 0-1

[Event "Bundesliga 9899"]
[Site "Deutschland"]
[Date "1999.03.21"]
[Round "13.3"]
[White "King, Daniel J"]
[Black "Beikert, Guenther"]
[Result "1/2-1/2"]
[WhiteElo "2506"]
[BlackElo "2440"]
[PlyCount "98"]
[EventDate "1998.10.17"]
[EventType "team"]
[EventRounds "15"]
[EventCountry "GER"]
[SourceTitle "Bundesliga 9899"]
[Source "DeepChess"]
[SourceDate "2005.01.01"]
[SourceVersion "1"]
[SourceVersionDate "2005.01.01"]
[SourceQuality "1"]
[WhiteTeam "SV Castrop Rauxel 1923"]
[BlackTeam "SK Viernheim"]
[WhiteTeamCountry "GER"]
[BlackTeamCountry "GER"]

1. e4 e5 2. Nf3 Nc6 3. Bb5 d6 4. d4 exd4 5. Nxd4 Bd7 6. Nxc6 bxc6 7. Ba4 g6 8.
O-O Bg7 9. Nc3 Ne7 10. Bg5 h6 11. Bh4 g5 12. Bg3 Ng6 13. f3 O-O 14. Rb1 Kh7 15.
Ne2 c5 16. c3 f5 17. exf5 Bxf5 18. Bc2 Qf6 19. b4 Bxc2 20. Qxc2 Qf5 21. Rfc1
Rab8 22. Qxf5 Rxf5 23. Bf2 c4 24. Nd4 Bxd4 25. Bxd4 Nf4 26. Re1 Rf7 27. Rbd1
Nd3 28. Re4 c5 29. bxc5 dxc5 30. Be3 Rfb7 31. h4 Rb1 32. Rxb1 Rxb1+ 33. Kh2 Rb2
34. hxg5 hxg5 35. Rxc4 Rxa2 36. Kg3 Kg6 37. Rg4 Ne1 38. Bf2 Nd3 39. Be3 Ne1 40.
Kh3 Re2 41. Bxc5 Nd3 42. Bxa7 Nf4+ 43. Kh2 Rc2 44. Be3 Kf5 45. Bxf4 gxf4 46.
Rg8 Rxc3 47. Ra8 Rc2 48. Ra5+ Kf6 49. Kh3 Rb2 1/2-1/2

[Event "Bundesliga 9899"]
[Site "Deutschland"]
[Date "1999.03.21"]
[Round "13.4"]
[White "Kraai, Jesse"]
[Black "Gallagher, Joseph G"]
[Result "0-1"]
[WhiteElo "2386"]
[BlackElo "2519"]
[PlyCount "168"]
[EventDate "1998.10.17"]
[EventType "team"]
[EventRounds "15"]
[EventCountry "GER"]
[SourceTitle "Bundesliga 9899"]
[Source "DeepChess"]
[SourceDate "2005.01.01"]
[SourceVersion "1"]
[SourceVersionDate "2005.01.01"]
[SourceQuality "1"]
[WhiteTeam "SK Viernheim"]
[BlackTeam "SV Castrop Rauxel 1923"]
[WhiteTeamCountry "GER"]
[BlackTeamCountry "GER"]

1. d4 Nf6 2. c4 g6 3. Nc3 Bg7 4. e4 d6 5. Nf3 O-O 6. Be2 Na6 7. O-O e5 8. d5
Nc5 9. Bg5 h6 10. Bxf6 Qxf6 11. b4 Nd7 12. Rc1 Qd8 13. Nd2 h5 14. Nb3 Bh6 15.
Rc2 Nf6 16. c5 Ng4 17. h3 Nf6 18. Na5 Ne8 19. Bb5 Ng7 20. Nc4 a6 21. Ba4 h4 22.
Ne2 Nh5 23. Rc3 b5 24. cxb6 cxb6 25. Bc6 Ra7 26. a4 f5 27. exf5 gxf5 28. Kh1
Rg7 29. Rg1 Nf6 30. Qe1 Ne4 31. Rc2 Kh8 32. Nc3 Nxc3 33. Rxc3 Rfg8 34. f4 Bxf4
35. Nxb6 Qf6 36. Nxc8 Rxc8 37. b5 axb5 38. axb5 Rb8 39. Rb3 Rg3 40. Rxg3 hxg3
41. Qe2 Qg5 42. Rf1 Be3 43. Bd7 f4 44. Qd3 Kg7 45. Bf5 Rh8 46. Be4 Qg4 47. Bh7
Qg5 48. Be4 Rh4 49. Rb1 Bb6 50. Qf1 f3 51. Bxf3 Qd2 52. Qe2 Qxe2 53. Bxe2 Rd4
54. Rb3 Re4 55. Rxg3+ Kh8 56. Bf1 Re1 57. Rf3 e4 58. Rf5 e3 59. Kh2 e2 60. Bxe2
Rxe2 61. h4 Rb2 62. h5 Bd4 63. Kh3 Be5 64. b6 Kg7 65. Kh4 Bf6+ 66. Kh3 Rxb6 67.
g4 Rb3+ 68. Kg2 Rd3 69. g5 Be5 70. Rf3 Rxd5 71. Kh3 Rd4 72. Rb3 Rf4 73. Rb7+
Rf7 74. Rb5 Rf5 75. Kh4 Rf4+ 76. Kh3 Kf7 77. Rb7+ Ke6 78. g6 Rf3+ 79. Kh4 Kf5
80. Rb5 Rf4+ 81. Kh3 Kg5 82. g7 Rh4+ 83. Kg2 Rg4+ 84. Kh3 Kxh5 0-1

[Event "Bundesliga 9899"]
[Site "Deutschland"]
[Date "1999.03.21"]
[Round "13.5"]
[White "Seul, Georg"]
[Black "Schulze, Ulrich"]
[Result "1-0"]
[WhiteElo "2441"]
[BlackElo "2360"]
[PlyCount "47"]
[EventDate "1998.10.17"]
[EventType "team"]
[EventRounds "15"]
[EventCountry "GER"]
[SourceTitle "Bundesliga 9899"]
[Source "DeepChess"]
[SourceDate "2005.01.01"]
[SourceVersion "1"]
[SourceVersionDate "2005.01.01"]
[SourceQuality "1"]
[WhiteTeam "SV Castrop Rauxel 1923"]
[BlackTeam "SK Viernheim"]
[WhiteTeamCountry "GER"]
[BlackTeamCountry "GER"]

1. e4 e6 2. d4 d5 3. e5 c5 4. c3 Nc6 5. Nf3 Bd7 6. Be2 f6 7. O-O fxe5 8. Nxe5
Nxe5 9. dxe5 Qc7 10. c4 O-O-O 11. Nc3 Qxe5 12. Re1 Nf6 13. g3 Qd6 14. cxd5 Nxd5
15. Ne4 Qc6 16. Bg5 Re8 17. Bh5 g6 18. Bf3 Bg7 19. Rc1 Bd4 20. Bf6 Bxf6 21.
Rxc5 Be7 22. Rxc6+ Bxc6 23. Qb3 Kb8 24. Nc3 1-0

[Event "Bundesliga 9899"]
[Site "Deutschland"]
[Date "1999.03.21"]
[Round "13.6"]
[White "Schwalfenberg, Joerg"]
[Black "Watson, William N"]
[Result "0-1"]
[WhiteElo "2360"]
[BlackElo "2525"]
[PlyCount "80"]
[EventDate "1998.10.17"]
[EventType "team"]
[EventRounds "15"]
[EventCountry "GER"]
[SourceTitle "Bundesliga 9899"]
[Source "DeepChess"]
[SourceDate "2005.01.01"]
[SourceVersion "1"]
[SourceVersionDate "2005.01.01"]
[SourceQuality "1"]
[WhiteTeam "SK Viernheim"]
[BlackTeam "SV Castrop Rauxel 1923"]
[WhiteTeamCountry "GER"]
[BlackTeamCountry "GER"]

1. d4 Nf6 2. Nf3 g6 3. c4 Bg7 4. Nc3 O-O 5. g3 d6 6. Bg2 Nc6 7. O-O e5 8. h3
Nd7 9. dxe5 Ncxe5 10. Nxe5 Nxe5 11. Qc2 Bf5 12. e4 Be6 13. b3 Nf3+ 14. Bxf3 Qf6
15. Bg2 Qxc3 16. Qxc3 Bxc3 17. Rb1 a5 18. a4 Bd7 19. Be3 Bc6 20. Rbc1 Bb4 21.
c5 Rfe8 22. cxd6 Bxd6 23. Rc4 Bd7 24. Rd1 b5 25. axb5 Bxb5 26. Rcc1 Rab8 27.
Ba7 Rbd8 28. Bc5 Bxc5 29. Rxd8 Bxf2+ 30. Kxf2 Rxd8 31. Rxc7 Rd2+ 32. Kg1 Rd3
33. Ra7 Rxg3 34. Rxa5 Bc6 35. Kh2 Rxb3 36. Rc5 Bb7 37. Rc7 Kg7 38. Re7 Rb4 39.
Kg3 Kf8 40. Re5 f6 0-1

[Event "Bundesliga 9899"]
[Site "Deutschland"]
[Date "1999.03.21"]
[Round "13.7"]
[White "Dinstuhl, Volkmar"]
[Black "Grund, Holger"]
[Result "1/2-1/2"]
[WhiteElo "2410"]
[BlackElo "2390"]
[PlyCount "172"]
[EventDate "1998.10.17"]
[EventType "team"]
[EventRounds "15"]
[EventCountry "GER"]
[SourceTitle "Bundesliga 9899"]
[Source "DeepChess"]
[SourceDate "2005.01.01"]
[SourceVersion "1"]
[SourceVersionDate "2005.01.01"]
[SourceQuality "1"]
[WhiteTeam "SV Castrop Rauxel 1923"]
[BlackTeam "SK Viernheim"]
[WhiteTeamCountry "GER"]
[BlackTeamCountry "GER"]

1. d4 d5 2. c4 dxc4 3. e3 c5 4. Bxc4 cxd4 5. exd4 Qc7 6. Bb3 Bg4 7. f3 Bd7 8.
Ne2 e6 9. Nbc3 Nf6 10. Bg5 Be7 11. Rc1 Bc6 12. O-O O-O 13. Qd3 Rd8 14. f4 Nbd7
15. Qh3 Nf8 16. f5 e5 17. d5 Qb6+ 18. Kh1 Bb5 19. Nxb5 Qxb5 20. Nc3 Qb4 21.
Rcd1 a5 22. d6 Rxd6 23. Bxf6 Rxd1 24. Rxd1 Bxf6 25. Qh5 g6 26. fxg6 hxg6 27.
Qf3 Kg7 28. g4 Qe7 29. Rf1 Nh7 30. Nd5 e4 31. Qxf6+ Qxf6 32. Nxf6 a4 33. Bxa4
Nxf6 34. Bb3 g5 35. h3 Rd8 36. Kg2 Nd5 37. Kf2 Nf4 38. Ke3 Rd3+ 39. Kxe4 Rxh3
40. Kf5 Rd3 41. Bxf7 Rd2 42. Kxg5 Nh3+ 43. Kh5 Rh2 44. Bb3 Nf2+ 45. Kg5 Ne4+
46. Kf4 Nc5 47. Rc1 Nd3+ 48. Kg3 Rxb2 49. Rc7+ Kh6 50. Rxb7 Nc1 51. Rb6+ Kg7
52. g5 Rd2 53. Kf4 Rf2+ 54. Ke3 Re2+ 55. Kf3 Rd2 56. Ke3 Re2+ 57. Kf3 Rd2 58.
Rb7+ Kg6 59. Bf7+ Kxg5 60. a4 Rd3+ 61. Ke4 Ra3 62. Be8 Ne2 63. Rb4 Nc3+ 64. Kd4
Nxa4 65. Bxa4 Rg3 66. Bc6 Rg4+ 67. Be4 Rg3 68. Ke5 Rg4 69. Rb3 Rg1 70. Rh3 Rg4
71. Bf3 Rg1 72. Rh8 Rg3 73. Rf8 Kh4 74. Ke4 Kg5 75. Rf5+ Kg6 76. Bh5+ Kh6 77.
Kf4 Ra3 78. Bf3 Ra4+ 79. Be4 Kg7 80. Ke5 Ra5+ 81. Bd5 Kg6 82. Rf1 Kg5 83. Rg1+
Kh5 84. Ke4 Kh6 85. Ke5 Kh5 86. Rg2 Rb5 1/2-1/2

[Event "Bundesliga 9899"]
[Site "Deutschland"]
[Date "1999.03.21"]
[Round "13.8"]
[White "Kratochwil, Christian"]
[Black "Brendel, Oliver"]
[Result "1/2-1/2"]
[WhiteElo "2280"]
[BlackElo "2404"]
[PlyCount "37"]
[EventDate "1998.10.17"]
[EventType "team"]
[EventRounds "15"]
[EventCountry "GER"]
[SourceTitle "Bundesliga 9899"]
[Source "DeepChess"]
[SourceDate "2005.01.01"]
[SourceVersion "1"]
[SourceVersionDate "2005.01.01"]
[SourceQuality "1"]
[WhiteTeam "SK Viernheim"]
[BlackTeam "SV Castrop Rauxel 1923"]
[WhiteTeamCountry "GER"]
[BlackTeamCountry "GER"]

1. c4 c5 2. Nf3 g6 3. d4 cxd4 4. Nxd4 Nc6 5. e4 Nf6 6. Nc3 Nxd4 7. Qxd4 d6 8.
Be2 Bg7 9. Bg5 O-O 10. O-O Be6 11. Qe3 Qb6 12. b3 Qxe3 13. Bxe3 a6 14. Rac1
Rfc8 15. Bf3 Rab8 16. Ba7 Ra8 17. Be3 Rab8 18. Ba7 Ra8 19. Be3 1/2-1/2